<?xml version='1.0' encoding='UTF-8'?><?xml-stylesheet href='static/style.xsl' type='text/xsl'?><OAI-PMH xmlns="http://www.openarchives.org/OAI/2.0/" xmlns:xsi="http://www.w3.org/2001/XMLSchema-instance" xsi:schemaLocation="http://www.openarchives.org/OAI/2.0/ http://www.openarchives.org/OAI/2.0/OAI-PMH.xsd"><responseDate>2026-04-15T21:28:28Z</responseDate><request verb="GetRecord" identifier="oai:ebiltegia.mondragon.edu:20.500.11984/1698" metadataPrefix="marc">https://ebiltegia.mondragon.edu/oai/request</request><GetRecord><record><header><identifier>oai:ebiltegia.mondragon.edu:20.500.11984/1698</identifier><datestamp>2024-03-04T14:55:00Z</datestamp><setSpec>com_20.500.11984_473</setSpec><setSpec>col_20.500.11984_476</setSpec></header><metadata><record xmlns="http://www.loc.gov/MARC21/slim" xmlns:dcterms="http://purl.org/dc/terms/" xmlns:xsi="http://www.w3.org/2001/XMLSchema-instance" xmlns:doc="http://www.lyncode.com/xoai" xsi:schemaLocation="http://www.loc.gov/MARC21/slim http://www.loc.gov/standards/marcxml/schema/MARC21slim.xsd">
   <leader>00925njm 22002777a 4500</leader>
   <datafield ind2=" " ind1=" " tag="042">
      <subfield code="a">dc</subfield>
   </datafield>
   <datafield ind2=" " ind1=" " tag="720">
      <subfield code="a">Egaña, Txema</subfield>
      <subfield code="e">author</subfield>
   </datafield>
   <datafield ind2=" " ind1=" " tag="720">
      <subfield code="a">Garro, Eneritz</subfield>
      <subfield code="e">author</subfield>
   </datafield>
   <datafield ind2=" " ind1=" " tag="260">
      <subfield code="c">2019</subfield>
   </datafield>
   <datafield ind2=" " ind1=" " tag="520">
      <subfield code="a">En un contexto comunicativo donde cada vez hay más información disponible, uno de&#xd;
los objetivos de la escuela es que el alumnado desarrolle una actitud crítica. Los&#xd;
estudios sobre alfabetización informacional en las aulas han observado inconsistencias&#xd;
entre el discurso y la práctica didáctica, y entre el uso previsto y el real de las TIC. Este&#xd;
estudio busca contrastar el discurso y la práctica del alumnado y del profesorado al&#xd;
buscar, evaluar y seleccionar información digital en un aula de secundaria. Se ha&#xd;
utilizado una triangulación de datos multifuente (grupos de discusión, registro de clases,&#xd;
autoconfontación). Los resultados señalan que el alumnado muestra interés por la tarea,&#xd;
si bien su percepción se ve condiciona por los adultos. Los estudiantes tienen&#xd;
dificultades en la interpretación de vídeos y gráficos y le dan poco valor a la autoría del&#xd;
texto. Por otro lado, los docentes ven cuestionado su rol y aunque son conscientes de&#xd;
las carencias del alumnado se muestran reticentes a trabajarlas en el aula. Las&#xd;
conclusiones apuntan que es necesaria una didáctica de la alfabetización informacional&#xd;
que parta de las prácticas reales e intereses del alumnado. Para ello, se requiere un&#xd;
cambio de rol y de creencias del profesorado.</subfield>
   </datafield>
   <datafield ind2=" " ind1=" " tag="520">
      <subfield code="a">In a communicative context where more and more information is available, one of the&#xd;
objectives of the school is for the students to develop a critical attitude. Studies on&#xd;
information literacy in classrooms have observed inconsistencies between discourse and&#xd;
didactic practice, and a significant distance between the intended and actual use of ICT&#xd;
in class. Therefore, this study seeks to contrast the discourse and practice of both&#xd;
students and teachers when searching, evaluating and selecting digital information in a&#xd;
secondary classroom. This is a case study that has used a multi-source data&#xd;
triangulation (discussion groups, activity record, self-confrontation). The results indicate&#xd;
that the students show interest in the task, although their perception is conditioned by&#xd;
the adults. Students have difficulties in interpreting videos and graphics and give little&#xd;
value to the authorship of the text. On the other hand, teachers have questioned their&#xd;
role and although they are aware of the lacks of students, teachers are reluctant to work&#xd;
in the classroom. The conclusions suggest that it is necessary to develop a didactic of&#xd;
informational literacy based on the real practices and interests of the students. For this,&#xd;
a change of role and beliefs of the teaching staff is required.</subfield>
   </datafield>
   <datafield ind1="8" ind2=" " tag="024">
      <subfield code="a">2013-9144</subfield>
   </datafield>
   <datafield ind1="8" ind2=" " tag="024">
      <subfield code="a">https://katalogoa.mondragon.edu/janium-bin/janium_login_opac.pl?find&amp;ficha_no=154335</subfield>
   </datafield>
   <datafield ind1="8" ind2=" " tag="024">
      <subfield code="a">https://hdl.handle.net/20.500.11984/1698</subfield>
   </datafield>
   <datafield tag="653" ind2=" " ind1=" ">
      <subfield code="a">Búsqueda de información</subfield>
   </datafield>
   <datafield tag="653" ind2=" " ind1=" ">
      <subfield code="a">Evaluación de información</subfield>
   </datafield>
   <datafield tag="653" ind2=" " ind1=" ">
      <subfield code="a">TIC</subfield>
   </datafield>
   <datafield tag="653" ind2=" " ind1=" ">
      <subfield code="a">Profesorado</subfield>
   </datafield>
   <datafield tag="653" ind2=" " ind1=" ">
      <subfield code="a">Estudiantes</subfield>
   </datafield>
   <datafield tag="653" ind2=" " ind1=" ">
      <subfield code="a">Information search</subfield>
   </datafield>
   <datafield tag="653" ind2=" " ind1=" ">
      <subfield code="a">Information evaluation</subfield>
   </datafield>
   <datafield tag="653" ind2=" " ind1=" ">
      <subfield code="a">ICT</subfield>
   </datafield>
   <datafield tag="653" ind2=" " ind1=" ">
      <subfield code="a">Teachers</subfield>
   </datafield>
   <datafield tag="653" ind2=" " ind1=" ">
      <subfield code="a">Students</subfield>
   </datafield>
   <datafield ind2="0" ind1="0" tag="245">
      <subfield code="a">Búsqueda, evaluación y selección de información digital en un aula de secundaria: Tensiones entre la práctica y el discurso del profesorado y el alumnado</subfield>
   </datafield>
</record></metadata></record></GetRecord></OAI-PMH>